| 000 | 00777cai a22001815a 4500 | ||
|---|---|---|---|
| 001 | E152730 | ||
| 008 | 110418u xxk g 000 0 eng d | ||
| 035 | _a(Sirsi) u152730 | ||
| 041 | 0 | _aeng | |
| 110 | 2 |
_aChangeworks _95935 |
|
| 245 | 0 | 0 |
_aChangeworks _h[electronic resource] |
| 520 | _aChangeworks grew out of the Lothian & Edinburgh Environmental Partnership, and exists to promote sustainable development and energy efficiency. The website contains links to guidance on improving energy efficiency of homes, recycling, transport and waste. | ||
| 590 | _aKA | ||
| 651 | 4 |
_aScotland _y1999- |
|
| 690 | _aENVIRONMENTAL AND LAND CONSULTANCY-SUSTAINABILITY | ||
| 856 | 4 | 0 |
_uhttps://www.changeworks.org.uk/ _zView the website free of charge at www.changeworks.org.uk |
| 942 | _n0 | ||
| 999 |
_c120902 _d120902 |
||